000 00783nam a22002537a 4500
001 9542
003 FISKH
005 20260120123251.0
008 260120b cb ||||| |||| 00| 0 eng d
020 _a9789383665044
040 _aFISKH
_beng
_cFISKH
_dFISKH
050 _aPZ7
100 _aAnonymous
245 _aAnimal tales /
_cBy Anonymous : Art and design by Print Mirchi
260 _aNew Delhi :
_bYounge Learner Publications ,
300 _a16 pages :
_bcolor illustrations ;
_c28 cm .
505 _aJ
520 _aThe Bramble Bush , The Dove in the Cage , The Gullible Gold and The Lion's Double Treat
521 8 _a500
_bLexile estimate
521 8 _aJ
_bRaz-Plus
700 _aMirchi , Print
_eIllustrator
942 _2ddc
_cBK
_n0
999 _c9542
_d9542